Pónos (Record no. 158885)

MARC details
000 -LEADER
campo de control de longitud fija 00769nam a22001815i 4500
001 - NÚMERO DE CONTROL
campo de control 158885
003 - IDENTIFICADOR DE NÚMERO DE CONTROL
campo de control ES-MaACL
005 - FECHA Y HORA DE LA ÚLTIMA TRANSACCIÓN
campo de control 20230906211348.0
008 - DATOS DE LONGITUD FIJA--INFORMACIÓN GENERAL
campo de control de longitud fija 981215m1864 sp |||| | spa d
040 ## - FUENTE DE CATALOGACIÓN
Centro catalogador/agencia de origen CCPB | B
Lengua de catalogación spa
Centro/agencia transcriptor CCPB | B
080 ## - NÚMERO DE LA CLASIFICACIÓN DECIMAL UNIVERSAL
Número de la Clasificación Decimal Universal 821.134.2-31"18"
100 0# - ENTRADA PRINCIPAL--NOMBRE DE PERSONA
Nombre de persona Martín, Melitón.
9 (RLIN) 77355
245 10 - MENCIÓN DEL TÍTULO
Título Pónos
Resto del título : cuento, fábula ó historia para los hombres chiquitos llamados niños, y que esos niños grandes que se creen hombres, podrán leer con algún aprovechamiento /
Mención de responsabilidad, etc. por Melitón Martín.
260 ## - PUBLICACIÓN, DISTRIBUCIÓN, ETC.
Lugar de publicación, distribución, etc. Madrid :
Nombre del editor, distribuidor, etc. [s.n.],
Fecha de publicación, distribución, etc. 1864 (
Fabricante Imprenta de Segundo Martinez)
300 ## - DESCRIPCIÓN FÍSICA
Extensión 4 v. ;
Dimensiones 21 cm.
597 ## - NOTA DE DESCRIPCIÓN FÍSICA
NOTA DE DESCRIPCIÓN FÍSICA Parte I (XI, 302 p.) -- Parte II (295 p.) -- Parte III (296 p.) -- Parte IV (311 p.)
852 ## - LOCALIZACIÓN
Ubicación ES-MaACL
Número de control de estantería F-13519-22
Nota libre -- Enc. hol.
Holdings
Estatus retirado Estado de pérdida Estado de daño No para préstamo Colección Biblioteca de origen Biblioteca actual Ubicación en estantería Fecha de adquisición Total de préstamos Signatura topográfica completa Código de barras Visto por última vez Precio de reemplazo Tipo de ítem Koha
        Libros del s. XIX Biblioteca del Ateneo de Madrid Biblioteca del Ateneo de Madrid Sala Pecera Planta 2 17/01/2008   F-13519-22 1166301 23/02/2023 23/02/2023 Libro impreso antiguo